00654nam a2200181 i 450000100060000000300090000600500170001500700030003200800410003510000440007624500990012026000340021930000220025374000280027585200310030399900170033495201210035149358ES-MaACL20230906161932.0t|030714s1974 ag ||||1| gao d1 aCortezón, Daniel (d1927-2009)94092610aXelmirez, ou A groria de Compostela b: peza dramática en catro aitos / cDaniel Cortezón. aBuenos Aires : bNos, c1974. a125 p. ; c20 cm.2 aA groria de Compostela. aES-MaACLjE-6596 bR.91071 c49358d49358 00104070aATENEOMbATENEOMcDEPO2d2008-01-17eSCl0oE-6596p1051936r2023-02-23 00:00:00w2023-02-23yMONOGRAFIA